=LDR 00000nam 2200000 4500 =001 000516 =005 20250710105022 =035 ##$$a 0010-0725000378 =007 ta =008 250710################a##########0#ind## =020 ##$$a 978-623-307-339-4 =082 ##$$a 398.209 598 =084 ##$$a 398.209 598 KHO b =100 #$$a Khodade, Shaurya =245 1#$$a Bayi dan Beruang /$c Shaurya Khodade =250 ##$$a Cetakan Pertama =260 ##$$a Jakarta :$b Badan Pengembangan dan Pembinaan Bahasa,$c 2022 =300 ##$$a 28 hlm. : $b Ilus. ; $c 29 cm =650 #4$$a CERITA ANAK INDONESIA-TERJEMAHAN =650 #4$$a LITERASI-BAHAN BACAAN =990 ##$$a TBM02690269